L'intelligenza / (Record no. 28587)

MARC details
000 -LEADER
campo de control de longitud fija 00538nam a2200181 i 4500
001 - NÚMERO DE CONTROL
campo de control 28587
003 - IDENTIFICADOR DE NÚMERO DE CONTROL
campo de control ES-MaACL
005 - FECHA Y HORA DE LA ÚLTIMA TRANSACCIÓN
campo de control 20230906153906.0
007 - CAMPO FIJO DE DESCRIPCIÓN FÍSICA--INFORMACIÓN GENERAL
campo de control de longitud fija t|
008 - DATOS DE LONGITUD FIJA--INFORMACIÓN GENERAL
campo de control de longitud fija 030117s1904 it ||||1| ita d
100 1# - ENTRADA PRINCIPAL--NOMBRE DE PERSONA
Nombre de persona Baldwin, James Mark.
9 (RLIN) 24913
245 12 - MENCIÓN DEL TÍTULO
Título L'intelligenza /
Mención de responsabilidad, etc. J. Mark Baldwin ; traduzione dell'inglese de G. Villa.
260 ## - PUBLICACIÓN, DISTRIBUCIÓN, ETC.
Lugar de publicación, distribución, etc. Torino :
Nombre del editor, distribuidor, etc. Fratelli Bocca,
Fecha de publicación, distribución, etc. 1904 (
Fabricante Vizenzo Bona)
300 ## - DESCRIPCIÓN FÍSICA
Extensión XXVIII, 290 p. ;
Dimensiones 20 cm.
650 04 - PUNTO DE ACCESO ADICIONAL DE MATERIA--TÉRMINO DE MATERIA
Término de materia o nombre geográfico como elemento de entrada Inteligencia.
9 (RLIN) 13860
700 1# - ENTRADA AGREGADA--NOMBRE PERSONAL
Nombre de persona Villa, G.
9 (RLIN) 114868
852 ## - LOCALIZACIÓN
Ubicación ES-MaACL
Número de control de estantería F-6099
Holdings
Estatus retirado Estado de pérdida Estado de daño No para préstamo Biblioteca de origen Biblioteca actual Ubicación en estantería Fecha de adquisición Fuente de adquisición Total de préstamos Signatura topográfica completa Código de barras Visto por última vez Precio de reemplazo Tipo de ítem Koha
        Biblioteca del Ateneo de Madrid Biblioteca del Ateneo de Madrid Depósito 2 17/01/2008     F-6099 1029517 23/02/2023 23/02/2023 Libro impreso